পুরোধা বাঙালি বঙ্গবন্ধু মুজিব ও বিদ্রোহী নজরুল / (Record no. 12879)
[ view plain ]
| 000 -LEADER | |
|---|---|
| fixed length control field | 00953nam a2200265 a 4500 |
| 001 - CONTROL NUMBER | |
| JCCL Control Number | 12879 |
| 003 - CONTROL NUMBER IDENTIFIER | |
| JCCL marc code | BD-JhCC |
| 005 - DATE AND TIME OF LATEST TRANSACTION | |
| control field | 20230530200351.0 |
| 008 - FIXED-LENGTH DATA ELEMENTS--GENERAL INFORMATION | |
| fixed length control field | 171023s2021 bg |||| ||a| 000 0 ben d |
| 020 ## - INTERNATIONAL STANDARD BOOK NUMBER | |
| International Standard Book Number | 9789849444503 |
| 035 ## - SYSTEM CONTROL NUMBER | |
| system control number | (BD-JhCC)12878 |
| 040 ## - CATALOGING SOURCE | |
| Original cataloging agency | BD-JhCC |
| Modifying agency | BD-JhCC |
| 041 ## - LANGUAGE CODE | |
| Language code of Book | ben |
| 082 ## - DEWEY DECIMAL CLASSIFICATION NUMBER | |
| Classification number | 891.4409 |
| Author mark and Year | KBR 2021 |
| 100 ## - MAIN ENTRY--PERSONAL NAME | |
| Personal name | কবির, আহসানুল |
| 245 ## - TITLE STATEMENT | |
| Title | পুরোধা বাঙালি বঙ্গবন্ধু মুজিব ও বিদ্রোহী নজরুল / |
| Statement of responsibility, etc | আহসানুল কবির |
| 260 ## - PUBLICATION, DISTRIBUTION, ETC. (IMPRINT) | |
| Place of publication, distribution, etc | ঢাকা : |
| Name of publisher, distributor, etc | বেগবতী প্রকাশনী, |
| Date of publication, distribution, etc | ২০২১. |
| 300 ## - PHYSICAL DESCRIPTION | |
| Pagination | ২৫৫ : |
| Dimensions | ২১ সেমি. |
| 504 ## - BIBLIOGRAPHY, ETC. NOTE | |
| Bibliography, etc | গ্রন্থপঞ্জি অর্ন্তভূক্ত। |
| 600 ## - SUBJECT ADDED ENTRY--PERSONAL NAME | |
| Personal name | Islam, Kazi Najrul |
| 600 ## - SUBJECT ADDED ENTRY--PERSONAL NAME | |
| Personal name | Rahaman, Shekh Mujibur |
| 650 ## - SUBJECT ADDED ENTRY--TOPICAL TERM | |
| Topical term or geographic name as entry element | Bengali Literature |
| General subdivision | Literature |
| 942 ## - ADDED ENTRY ELEMENTS (KOHA) | |
| Source of classification or shelving scheme | Dewey Decimal Classification |
| Koha item type | Books |
| Source of classification or shelving scheme | Damaged status | Not for loan | Home library | Current library | Shelving location | Date of accession | Cost, normal purchase price | Total Checkouts | Full call number | Barcode | Date last seen | Copy number | Method of acquisition | Koha item type | Currency |
|---|---|---|---|---|---|---|---|---|---|---|---|---|---|---|---|
| Dewey Decimal Classification | JCC Rouf Library | JCC Rouf Library | General Stacks | 05/30/2023 | 480.00 | 891.4409 KBR 2021 | 18117 | 05/30/2023 | C-1 | Purchase | Books | BDT | |||
| Dewey Decimal Classification | JCC Rouf Library | JCC Rouf Library | General Stacks | 05/30/2023 | 480.00 | 891.4409 KBR 2021 | 18116 | 05/30/2023 | C-2 | Purchase | Books | BDT | |||
| Dewey Decimal Classification | JCC Rouf Library | JCC Rouf Library | General Stacks | 07/22/2023 | 480.00 | 891.4409 KBR 2021 | 18111 | 07/10/2023 | C-3 | Purchase | Books | BDT | |||
| Dewey Decimal Classification | JCC Rouf Library | JCC Rouf Library | General Stacks | 07/22/2023 | 480.00 | 891.4409 KBR 2021 | 18112 | 07/10/2023 | C-4 | Purchase | Books | BDT |